[Event "SB-2014-0-00364"]
[Site "LSS email"]
[Date "2014.05.08"]
[Round "?"]
[White "Ederer, Karel"]
[Black "Duchene, Klaus"]
[Result "1-0"]
[WhiteElo "1861"]
[BlackElo "1800"]
[PlyCount "139"]
[EventDate "2014.03.30"]
[EventType "tourn (corr)"]
[EventRounds "6"]
[EventCountry "GER"]
[SourceTitle "Corr 2015"]
[Source "ChessBase"]
[SourceDate "2015.07.17"]
[SourceVersion "1"]
[SourceVersionDate "2015.07.17"]
[SourceQuality "1"]

1. d4 d6 2. e4 Nf6 3. Nc3 e5 4. dxe5 dxe5 5. Qxd8+ Kxd8 6. Nf3 Bd6 7. Be3 Ke7 8. a3 Be6 9. Ng5 Ng4 10. Bc1 Nc6 11. Nxe6 fxe6 12. f3 Nd4 13. Bg5+ Nf6 14. 0-0-0 h6 15. Be3 Rhd8 16. Kb1 a6 17. Na2 Bc5 18. Bd2 Nc6 19. Be2 Nd4 20. Nc1 Nxe2 21. Nxe2 Bd4 22. Nc1 Rd7 23. Bb4+ c5 24. Rxd4 exd4 25. Bxc5+ Kd8 26. Nd3 Kc7 27. Rd1 b6 28. Bb4 Rc8 29. Ne5 Rdd8 30. a4 Nd7 31. Nf7 Rf8 32. Nd6 Rcd8 33. Nc4 Rfe8 34. e5 g5 35. Rxd4 Nb8 36. Bd6+ Kb7 37. Rd3 Rc8 38. b3 b5 39. axb5 axb5 40. Nd2 Kb6 41. Ne4 Na6 42. b4 Red8 43. h3 Rc4 44. c3 Rcc8 45. Kb2 Ra8 46. Rd1 Rd7 47. Kb3 Kc6 48. Ng3 Rda7 49. Ne2 Kb7 50. Nd4 Nc7 51. Bxc7 Ra3+ 52. Kc2 Ra2+ 53. Kd3 Kxc7 54. Nxe6+ Kd7 55. Nd4 Rxg2 56. Nxb5 Rc8 57. c4 Ke6 58. Re1 Kd7 59. e6+ Ke7 60. c5 Rb2 61. Nc3 Rd8+ 62. Kc4 Rbd2 63. c6 R2d4+ 64. Kc5 Rd3 65. Rc1 Kxe6 66. c7 Rh8 67. Kc6 Rd6+ 68. Kb7 Rd7 69. b5 Rf7 70. Kc6 1-0

[Event "SB-2014-0-00364"]
[Site "LSS email"]
[Date "2014.05.08"]
[Round "?"]
[White "Rombaldoni, Denis"]
[Black "Duchene, Klaus"]
[Result "1-0"]
[WhiteElo "1985"]
[BlackElo "1800"]
[PlyCount "59"]
[EventDate "2014.03.30"]
[EventType "tourn (corr)"]
[EventRounds "6"]
[EventCountry "GER"]
[SourceTitle "Corr 2015"]
[Source "ChessBase"]
[SourceDate "2015.07.17"]
[SourceVersion "1"]
[SourceVersionDate "2015.07.17"]
[SourceQuality "1"]

1. d4 Nf6 2. Bg5 Ne4 3. h4 c5 4. d5 Qb6 5. Nd2 Nxg5 6. hxg5 Qxb2 7. g6 fxg6 8. e3 Na6 9. Rb1 Qxa2 10. Bc4 Qa4 11. Ra1 Qb4 12. Ne2 g5 13. c3 Qb6 14. Ne4 Qg6 15. N2g3 h5 16. d6 h4 17. Qg4 e6 18. f4 b5 19. Bd3 c4 20. Bb1 Bb7 21. Nc5 Qxb1+ 22. Rxb1 Nxc5 23. Qxg5 Bxd6 24. Rxb5 Be7 25. Qg6+ Kd8 26. Qxg7 Re8 27. Rxb7 Nxb7 28. Ne4 d5 29. Ng5 Nc5 30. Rxh4 1-0

[Event "BI-2014-P-0000"]
[Site "LSS email"]
[Date "2014.04.19"]
[Round "?"]
[White "Duchene, Klaus"]
[Black "Shivdasani, Vijay"]
[Result "0-1"]
[WhiteElo "2269"]
[BlackElo "2093"]
[PlyCount "82"]
[EventDate "2014.04.25"]
[EventType "tourn (corr)"]
[EventRounds "10"]
[EventCountry "GER"]
[SourceTitle "Corr 2022"]
[Source "ChessBase"]
[SourceDate "2021.10.24"]
[SourceVersion "1"]
[SourceVersionDate "2021.10.24"]
[SourceQuality "1"]

1. c4 Nf6 2. d4 e6 3. Nf3 b6 4. Nc3 Bb7 5. a3 d5 6. cxd5 Nxd5 7. e3 Nxc3 8. bxc3 Bd6 9. Bd3 0-0 10. 0-0 c5 11. e4 Nc6 12. Be3 cxd4 13. cxd4 Rc8 14. Qe2 Na5 15. Rfb1 Qd7 16. Bd2 Rc7 17. Bb5 Qc8 18. Bxa5 bxa5 19. Bd3 Qa8 20. a4 Bb4 21. Rd1 Rc3 22. Rac1 Rfc8 23. Rxc3 Rxc3 24. Ne5 f6 25. Ng4 Bc6 26. Bc2 h6 27. h4 Kf8 28. h5 Kg8 29. Ra1 Qb7 30. Rd1 Be8 31. Ne3 Qc7 32. Rb1 Kf8 33. Bb3 Qf4 34. Bc2 Qg5 35. Bd1 Qh4 36. Qf3 Bd6 37. Bc2 Qh2+ 38. Kf1 Qh1+ 39. Ke2 Rxc2+ 40. Nxc2 Qxb1 41. Qd3 Bxa4 0-1

[Event "BI-2014-P-0000"]
[Site "LSS email"]
[Date "2014.04.19"]
[Round "?"]
[White "Pons, Francisco"]
[Black "Duchene, Klaus"]
[Result "0-1"]
[WhiteElo "1408"]
[BlackElo "2269"]
[PlyCount "48"]
[EventDate "2014.04.25"]
[EventType "tourn (corr)"]
[EventRounds "10"]
[EventCountry "GER"]
[SourceTitle "Corr 2022"]
[Source "ChessBase"]
[SourceDate "2021.10.24"]
[SourceVersion "1"]
[SourceVersionDate "2021.10.24"]
[SourceQuality "1"]

1. e4 e5 2. Nf3 Nc6 3. d4 exd4 4. Nxd4 Bc5 5. Be3 Qf6 6. c3 Nge7 7. g3 h5 8. Bg2 h4 9. b4 Bb6 10. 0-0 d6 11. Qc2 Nxd4 12. Bxd4 Bxd4 13. cxd4 Qxd4 14. Qc3 Qxc3 15. Nxc3 Be6 16. Nd5 Kd7 17. Rac1 c6 18. Nxe7 Kxe7 19. f4 hxg3 20. hxg3 Bxa2 21. Kf2 a6 22. Rfd1 f6 23. Rc2 Bb3 24. Rcd2 Bxd1 0-1

[Event "BI-2014-P-0000"]
[Site "LSS email"]
[Date "2014.04.19"]
[Round "?"]
[White "Van Rooijen, Peter"]
[Black "Duchene, Klaus"]
[Result "1-0"]
[WhiteElo "1716"]
[BlackElo "2269"]
[PlyCount "103"]
[EventDate "2014.04.25"]
[EventType "tourn (corr)"]
[EventRounds "10"]
[EventCountry "GER"]
[SourceTitle "Corr 2022"]
[Source "ChessBase"]
[SourceDate "2021.10.24"]
[SourceVersion "1"]
[SourceVersionDate "2021.10.24"]
[SourceQuality "1"]

1. b4 c5 2. bxc5 e5 3. Bb2 Nc6 4. Nf3 Bxc5 5. e3 Qe7 6. Bb5 Bd6 7. Nc3 Nf6 8. e4 0-0 9. 0-0 Nd4 10. Bc4 Bc5 11. Nxd4 Bxd4 12. Nd5 Nxd5 13. Bxd4 Nf4 14. Be3 d6 15. a4 Be6 16. Bxe6 Nxe6 17. a5 f5 18. exf5 Rxf5 19. c3 d5 20. f3 d4 21. cxd4 exd4 22. Bf2 Qf7 23. Re1 Rg5 24. Bh4 Rh5 25. Re4 Rf8 26. Qe1 Nc5 27. Re7 Qd5 28. Qg3 g6 29. Rc1 a6 30. h3 Ne6 31. Qg4 Re5 32. Rb1 Nf4 33. Rbxb7 Rxe7 34. Rxe7 h5 35. Qg5 Qxg5 36. Bxg5 Nd3 37. Re6 Rf5 38. h4 Rxa5 39. Rxg6+ Kf7 40. Rh6 Ra1+ 41. Kh2 a5 42. Rxh5 Rb1 43. Rh7+ Kg6 44. Ra7 Rb5 45. Bd8 Rb8 46. Bxa5 Rh8 47. g3 Rf8 48. Ra6+ Kh5 49. Bb6 Rxf3 50. Bxd4 Kg4 51. Rg6+ Kh5 52. Rg8 1-0

[Event "SE-0003-0-S000"]
[Site "LSS email"]
[Date "2014.02.14"]
[Round "?"]
[White "Tavenrath, Rainer"]
[Black "Duchene, Klaus"]
[Result "1/2-1/2"]
[WhiteElo "740"]
[BlackElo "1872"]
[PlyCount "43"]
[EventDate "2014.02.23"]
[EventType "tourn (corr)"]
[EventRounds "6"]
[EventCountry "GER"]
[SourceTitle "Corr 2022"]
[Source "ChessBase"]
[SourceDate "2021.10.24"]
[SourceVersion "1"]
[SourceVersionDate "2021.10.24"]
[SourceQuality "1"]

1. c4 e5 2. Nc3 Nf6 3. Nf3 Nc6 4. g3 d5 5. cxd5 Nxd5 6. Bg2 Nb6 7. 0-0 Be7 8. d3 0-0 9. a3 Be6 10. Be3 f5 11. Qc1 a5 12. Bg5 a4 13. Bxe7 Qxe7 14. Ng5 Nd4 15. Nxe6 Qxe6 16. Qg5 c6 17. e3 Nb3 18. Rad1 Rf6 19. Qh5 Qe7 20. d4 g6 21. Qg5 Re6 22. Qxe7 1/2-1/2

[Event "LSS VS023"]
[Site "LSS email"]
[Date "2013.12.22"]
[Round "?"]
[White "Duchene, Klaus"]
[Black "Krause, Peter"]
[Result "0-1"]
[WhiteElo "1874"]
[BlackElo "2317"]
[PlyCount "136"]
[EventDate "2013.12.31"]
[EventType "tourn (corr)"]
[EventRounds "6"]
[EventCountry "GER"]
[SourceTitle "Telechess CBM 167"]
[Source "ChessBase"]
[SourceDate "2015.07.13"]
[SourceVersion "1"]
[SourceVersionDate "2015.07.13"]
[SourceQuality "1"]

1. c4 Nf6 2. Nc3 e5 3. g3 d5 4. cxd5 Nxd5 5. Bg2 Nb6 6. Nf3 Nc6 7. 0-0 Be7 8. a3 0-0 9. d3 Be6 10. b4 Nd4 11. Bb2 Nxf3+ 12. Bxf3 c6 13. Rb1 f6 14. Qc2 Qe8 15. Ne4 Ba2 16. Ra1 Bd5 17. Rfe1 Qf7 18. g4 Bb3 19. Qd2 Na4 20. Bc1 a5 21. bxa5 Rfd8 22. Rb1 Rd7 23. Qe3 Rxa5 24. Bd2 Ra8 25. Bb4 Bd8 26. Qc1 Bc7 27. Bd2 Qe6 28. h3 Bd8 29. Be3 Bd5 30. Kh2 Be7 31. Qc2 b5 32. Qc1 Rdd8 33. Rg1 Kh8 34. h4 Bf8 35. h5 h6 36. Rg3 Qe7 37. Ra1 c5 38. Nd2 Bxf3 39. Nxf3 Qe6 40. Nh4 Kh7 41. Qc2 Rdc8 42. Rc1 Kg8 43. Qd1 Rcb8 44. Qh1 b4 45. axb4 cxb4 46. Rc6 Qd7 47. Qe4 Nc3 48. Rxc3 bxc3 49. Qc4+ Qf7 50. Qxc3 Ra2 51. d4 exd4 52. Qxd4 Rxe2 53. Ng6 Re1 54. Rf3 Rb4 55. Qd8 Rxg4 56. Rg3 Rb4 57. Bd2 Re8 58. Qd3 Ra4 59. Bf4 Ra5 60. Qf3 Bc5 61. Rg2 Re1 62. Bxh6 Raa1 63. Ne7+ Rxe7 64. Rxg7+ Qxg7 65. Bxg7 Bd6+ 66. Kh3 Rxg7 67. Qe4 Kh8 68. Qc6 Kh7 0-1

[Event "Remote S7E Adv-138 email"]
[Site "Remote email"]
[Date "2013.12.14"]
[Round "?"]
[White "Duchene, Klaus"]
[Black "Teske, Heike"]
[Result "1/2-1/2"]
[WhiteElo "2219"]
[BlackElo "2151"]
[PlyCount "103"]
[EventDate "2013.??.??"]
[EventType "tourn (corr)"]
[EventRounds "6"]
[EventCountry "GER"]
[SourceTitle "Corr 2015"]
[Source "ChessBase"]
[SourceDate "2015.07.17"]
[SourceVersion "1"]
[SourceVersionDate "2015.07.17"]
[SourceQuality "1"]

1. c4 Nf6 2. g3 Nc6 3. Bg2 e5 4. Nc3 Bc5 5. Nf3 0-0 6. 0-0 d6 7. d3 h6 8. Na4 Bb6 9. a3 Bf5 10. b4 Re8 11. b5 Na5 12. e4 Bg4 13. Rb1 Bd4 14. Qd2 Bxf3 15. Bxf3 b6 16. Nc3 Bxc3 17. Qxc3 Nb7 18. Be3 Nc5 19. Bg2 Ng4 20. d4 Ne6 21. h3 Nxe3 22. fxe3 a6 23. Rb4 Qg5 24. Kh2 Qe7 25. a4 Ng5 26. d5 a5 27. Rb2 Nh7 28. Rbf2 Rf8 29. Qd3 Nf6 30. Rxf6 gxf6 31. Rf2 Kh7 32. Qf1 Kg7 33. Qe2 Rg8 34. h4 f5 35. Rxf5 Kh8 36. Bh3 Kh7 37. Rf1 Rae8 38. Bf5+ Kg7 39. Qg4+ Kh8 40. Qh5 Kg7 41. Kg1 Rgf8 42. Rf2 Rg8 43. Kg2 Rb8 44. Kf1 Rgd8 45. Bh3 f6 46. Be6 Re8 47. Qg4+ Kh8 48. Ke2 Qg7 49. Qh5 Re7 50. g4 Rf8 51. Rg2 Qh7 52. Bf5 1/2-1/2

[Event "Remote Federal-ch email"]
[Site "Remote email"]
[Date "2013.09.11"]
[Round "?"]
[White "Duchene, Klaus"]
[Black "Pohlig, Bernd"]
[Result "0-1"]
[WhiteElo "2232"]
[BlackElo "2485"]
[PlyCount "92"]
[EventDate "2013.??.??"]
[EventType "swiss (corr)"]
[EventRounds "12"]
[EventCountry "GER"]
[SourceTitle "Corr 2015"]
[Source "ChessBase"]
[SourceDate "2015.07.17"]
[SourceVersion "1"]
[SourceVersionDate "2015.07.17"]
[SourceQuality "1"]

1. c4 Nf6 2. d4 e6 3. a3 b6 4. Bg5 Bb7 5. Bxf6 Qxf6 6. Nc3 g6 7. e3 Bg7 8. h4 c5 9. Nge2 Na6 10. h5 0-0 11. Rc1 d6 12. Nb5 Qe7 13. Rc2 cxd4 14. Nbxd4 Rfd8 15. Nc3 d5 16. cxd5 Nc7 17. Bc4 Nxd5 18. Bxd5 Bxd5 19. Qg4 Bb7 20. Rd2 Rac8 21. hxg6 hxg6 22. 0-0 e5 23. Nb3 Rxd2 24. Nxd2 Rd8 25. Rd1 e4 26. Nc4 Rd3 27. Qf4 Qc5 28. Nd6 Qc7 29. Rxd3 exd3 30. e4 g5 31. Qg3 d2 32. Nd1 Ba6 33. e5 Be2 34. Qxg5 Bxd1 35. Qxd2 Qc2 36. Qg5 Qe2 37. Qd8+ Kh7 38. Qh4+ Qh5 39. Qe4+ Qg6 40. Qh4+ Bh6 41. Qc4 Bg4 42. g3 Qb1+ 43. Kh2 Be6 44. Qd4 Qc2 45. b4 Kg6 46. g4 Bc1 0-1

[Event "Remote Federal-ch email"]
[Site "Remote email"]
[Date "2013.09.11"]
[Round "?"]
[White "Duchene, Klaus"]
[Black "Skowronek, Juergen"]
[Result "1/2-1/2"]
[WhiteElo "2232"]
[BlackElo "2277"]
[PlyCount "84"]
[EventDate "2013.??.??"]
[EventType "swiss (corr)"]
[EventRounds "12"]
[EventCountry "GER"]
[SourceTitle "Corr 2015"]
[Source "ChessBase"]
[SourceDate "2015.07.17"]
[SourceVersion "1"]
[SourceVersionDate "2015.07.17"]
[SourceQuality "1"]

1. c4 g6 2. d4 Bg7 3. e4 c5 4. d5 d6 5. Qc2 Na6 6. a3 Nf6 7. Bd3 0-0 8. Nc3 Qa5 9. Rb1 e6 10. Nge2 exd5 11. exd5 b5 12. cxb5 Nc7 13. Bf4 Ncxd5 14. Bxd6 c4 15. Bxc4 Bf5 16. Qb3 Rfd8 17. Bb4 Nxb4 18. Bxf7+ Kf8 19. axb4 Qc7 20. Be6 Bxb1 21. Nxb1 Rd6 22. 0-0 Re8 23. Bc4 Re4 24. Bd3 Re7 25. Bc4 Re4 26. Bd3 Ng4 27. g3 Re8 28. Bc4 Qd7 29. Nbc3 Qf5 30. b6 Ne5 31. bxa7 Nf3+ 32. Kg2 Nd2 33. Qa4 Qf3+ 34. Kg1 Nxc4 35. b5 Nd2 36. Ra1 Qa8 37. Qf4+ Ke7 38. b6 Nf3+ 39. Kf1 Nxh2+ 40. Kg1 Nf3+ 41. Kf1 Be5 42. Qb4 Nh2+ 1/2-1/2

[Event "Remote Federal-ch email"]
[Site "Remote email"]
[Date "2013.09.11"]
[Round "?"]
[White "Glatzel, Hans Joachim"]
[Black "Duchene, Klaus"]
[Result "1-0"]
[WhiteElo "2454"]
[BlackElo "2232"]
[PlyCount "59"]
[EventDate "2013.??.??"]
[EventType "swiss (corr)"]
[EventRounds "12"]
[EventCountry "GER"]
[SourceTitle "Corr 2015"]
[Source "ChessBase"]
[SourceDate "2015.07.17"]
[SourceVersion "1"]
[SourceVersionDate "2015.07.17"]
[SourceQuality "1"]

1. Nf3 d5 2. d4 c6 3. c4 dxc4 4. e3 Be6 5. Nbd2 b5 6. a4 Qa5 7. Be2 Nf6 8. 0-0 g6 9. Ng5 Bc8 10. Nde4 Bf5 11. Nc5 h6 12. e4 Bc8 13. Bd2 Qb6 14. Nf3 a5 15. axb5 cxb5 16. b3 e6 17. bxc4 b4 18. e5 Nfd7 19. Ne4 Bb7 20. c5 Qd8 21. Nf6+ Nxf6 22. exf6 Qd5 23. Re1 Nc6 24. Qa4 0-0-0 25. Bd3 g5 26. Be4 Qd7 27. Be3 Qc7 28. Ne5 Nxe5 29. Bxb7+ Qxb7 30. dxe5 1-0

[Event "Remote Federal-ch email"]
[Site "Remote email"]
[Date "2013.09.11"]
[Round "?"]
[White "Rheinstaedtler, Klaus"]
[Black "Duchene, Klaus"]
[Result "1-0"]
[WhiteElo "2407"]
[BlackElo "2232"]
[PlyCount "91"]
[EventDate "2013.??.??"]
[EventType "swiss (corr)"]
[EventRounds "12"]
[EventCountry "GER"]
[SourceTitle "Corr 2015"]
[Source "ChessBase"]
[SourceDate "2015.07.17"]
[SourceVersion "1"]
[SourceVersionDate "2015.07.17"]
[SourceQuality "1"]

1. e4 e6 2. d4 d5 3. e5 c5 4. c3 Nc6 5. Nf3 Bd7 6. Be2 cxd4 7. cxd4 Rc8 8. 0-0 Qb6 9. Nc3 a6 10. Be3 Qxb2 11. Na4 Qa3 12. Nb6 Rd8 13. Qc2 Bb4 14. Rfb1 Qc3 15. Qd1 Qa3 16. Rb3 Qa5 17. Nxd7 Rxd7 18. Rab1 Qc7 19. Rxb4 Nxb4 20. Rxb4 Ne7 21. Bd3 h6 22. Nd2 0-0 23. Rb1 Qc6 24. Rc1 Qb6 25. Nb3 Rc7 26. Nc5 Rfc8 27. Rb1 Qa7 28. Qg4 Kf8 29. Qf3 Kg8 30. h3 b6 31. Nxa6 Rc3 32. Bd2 R3c4 33. Bxc4 Rxc4 34. Nb4 Rxd4 35. Rb2 Qb8 36. Bf4 Rc4 37. Nd3 Qc7 38. Be3 Rc6 39. Qe2 Nf5 40. g4 Nxe3 41. Qxe3 Rc3 42. Rb3 Rc2 43. Qxb6 Qxb6 44. Rxb6 Rxa2 45. Nc5 Kf8 46. Kf1 1-0

[Event "LSS VS020"]
[Site "LSS email"]
[Date "2013.05.03"]
[Round "?"]
[White "Hirscheider, Helmut"]
[Black "Duchene, Klaus"]
[Result "1-0"]
[WhiteElo "2075"]
[BlackElo "1874"]
[PlyCount "41"]
[EventDate "2013.05.16"]
[EventType "tourn (corr)"]
[EventRounds "6"]
[EventCountry "GER"]
[SourceTitle "Telechess CBM 167"]
[Source "ChessBase"]
[SourceDate "2015.07.13"]
[SourceVersion "1"]
[SourceVersionDate "2015.07.13"]
[SourceQuality "1"]

1. d4 Nf6 2. c4 c5 3. d5 e6 4. Nc3 exd5 5. cxd5 d6 6. Nf3 Be7 7. e4 Bg4 8. Be2 Bxf3 9. Bxf3 Nbd7 10. 0-0 0-0 11. Be3 a6 12. a4 Ne5 13. Be2 Re8 14. f4 Ng6 15. g3 Qc7 16. Bf3 Bd8 17. Re1 Rb8 18. h4 h6 19. Bf2 Qd7 20. h5 Bc7 21. hxg6 1-0

[Event "Remote-chT2 Bd.2/2 email"]
[Site "Remote email"]
[Date "2013.02.15"]
[Round "?"]
[White "Duchene, Klaus"]
[Black "Penzler, Frank"]
[Result "0-1"]
[WhiteElo "2273"]
[BlackElo "2493"]
[PlyCount "50"]
[EventDate "2013.??.??"]
[EventType "tourn (corr)"]
[EventRounds "8"]
[EventCountry "GER"]
[SourceTitle "Corr 2015"]
[Source "ChessBase"]
[SourceDate "2015.07.17"]
[SourceVersion "1"]
[SourceVersionDate "2015.07.17"]
[SourceQuality "1"]

1. c4 Nf6 2. g3 c6 3. Bg2 d5 4. b3 e5 5. Ba3 Bxa3 6. Nxa3 0-0 7. Nc2 dxc4 8. bxc4 Nbd7 9. d3 Re8 10. Qd2 Nc5 11. Rb1 e4 12. d4 e3 13. Nxe3 Nce4 14. Bxe4 Nxe4 15. Qb4 Qxd4 16. Nf3 Qf6 17. 0-0 Nc3 18. Rb2 Bh3 19. Re1 Nxe2+ 20. Rbxe2 Qxf3 21. c5 h5 22. Qd4 b5 23. cxb6 axb6 24. Qxb6 h4 25. Qc5 Ra4 0-1

[Event "Remote-chT2 Bd.2/2 email"]
[Site "Remote email"]
[Date "2013.02.15"]
[Round "?"]
[White "Von der Burg, Joerg"]
[Black "Duchene, Klaus"]
[Result "1-0"]
[WhiteElo "2406"]
[BlackElo "2273"]
[PlyCount "49"]
[EventDate "2013.??.??"]
[EventType "tourn (corr)"]
[EventRounds "8"]
[EventCountry "GER"]
[SourceTitle "Corr 2015"]
[Source "ChessBase"]
[SourceDate "2015.07.17"]
[SourceVersion "1"]
[SourceVersionDate "2015.07.17"]
[SourceQuality "1"]

1. d4 Nf6 2. Bg5 Ne4 3. Bf4 d5 4. e3 Bf5 5. f3 Nf6 6. c4 Bxb1 7. Rxb1 e6 8. Qb3 Qc8 9. Bg5 Nbd7 10. cxd5 Nxd5 11. e4 Ne7 12. Rc1 c6 13. Bc4 a5 14. Ne2 Qc7 15. 0-0 a4 16. Qc2 Nb6 17. Bd3 h6 18. Be3 Nec8 19. f4 Bd6 20. f5 Bxh2+ 21. Kh1 exf5 22. Rxf5 Bd6 23. Rcf1 Qd8 24. e5 Nd5 25. Bd2 1-0

[Event "SB-2013-0-00288"]
[Site "LSS email"]
[Date "2013.02.10"]
[Round "?"]
[White "Duchene, Klaus"]
[Black "Perepechenko, Vladislav"]
[Result "1/2-1/2"]
[WhiteElo "1874"]
[BlackElo "2008"]
[PlyCount "76"]
[EventDate "2013.02.01"]
[EventType "tourn (corr)"]
[EventRounds "6"]
[EventCountry "GER"]
[SourceTitle "Telechess CBM 167"]
[Source "ChessBase"]
[SourceDate "2015.07.13"]
[SourceVersion "1"]
[SourceVersionDate "2015.07.13"]
[SourceQuality "1"]

1. c4 Nf6 2. g3 g6 3. Bg2 Bg7 4. Nc3 0-0 5. d4 d6 6. Nf3 Nbd7 7. 0-0 e5 8. dxe5 dxe5 9. Qc2 c6 10. Rd1 Qe7 11. Qb3 Rd8 12. Bg5 Re8 13. Nd2 h6 14. Bxf6 Nxf6 15. Nde4 Nxe4 16. Nxe4 Rb8 17. c5 Bg4 18. Kf1 Red8 19. Qa4 Be6 20. Rxd8+ Rxd8 21. Qxa7 f5 22. Nd6 e4 23. Rd1 Bxb2 24. Kg1 Rd7 25. Bf1 e3 26. f4 g5 27. Qa8+ Qd8 28. Qxd8+ Rxd8 29. Rd3 Ra8 30. Nxb7 Rxa2 31. Rd6 Bc4 32. Rd8+ Kg7 33. Nd6 Be6 34. h4 gxh4 35. gxh4 Ba3 36. Re8 Kf6 37. Rf8+ Ke7 38. Ra8 Bxc5 1/2-1/2

[Event "SB-2013-0-00288"]
[Site "LSS email"]
[Date "2013.02.10"]
[Round "?"]
[White "Duchene, Klaus"]
[Black "Schulz, Hans Juergen"]
[Result "1-0"]
[WhiteElo "1874"]
[BlackElo "1631"]
[PlyCount "153"]
[EventDate "2013.02.01"]
[EventType "tourn (corr)"]
[EventRounds "6"]
[EventCountry "GER"]
[SourceTitle "Telechess CBM 167"]
[Source "ChessBase"]
[SourceDate "2015.07.13"]
[SourceVersion "1"]
[SourceVersionDate "2015.07.13"]
[SourceQuality "1"]

1. c4 Nf6 2. g3 e5 3. Bg2 d5 4. Nc3 dxc4 5. Qa4+ c6 6. Qxc4 Be6 7. Qa4 Nbd7 8. Nf3 Bc5 9. 0-0 h6 10. d4 Nb6 11. Qc2 exd4 12. Rd1 0-0 13. Bf4 Qe7 14. Nxd4 Rfd8 15. Nxe6 Qxe6 16. e3 Rac8 17. h4 Bb4 18. Ne4 Nfd5 19. a3 Be7 20. Rac1 Ra8 21. Kh2 Qf5 22. Bf1 Kh8 23. Rd2 Nxf4 24. Rxd8+ Rxd8 25. exf4 Kg8 26. Re1 Bf8 27. Bd3 Qd7 28. Rd1 Qe7 29. Kg2 Rd7 30. Nd2 Qc5 31. Qb1 Be7 32. Kg1 Bf6 33. Ne4 Qe7 34. Re1 Rd8 35. Nxf6+ Qxf6 36. Qd1 Kf8 37. Qc2 Qd6 38. Be2 Kg8 39. Bf3 Nd5 40. Qb3 Qd7 41. Kg2 a6 42. Kh2 Kh8 43. Rd1 f5 44. Kg1 Qf7 45. Re1 Rd6 46. Re5 Qd7 47. Kg2 Kh7 48. Qc2 Ne7 49. Qc5 Kg8 50. Be2 b5 51. Bf3 Kf7 52. b4 Qc7 53. a4 Kg8 54. a5 Kf7 55. Re2 Rd8 56. Re1 Rd6 57. Bd1 Qd7 58. Bb3+ Nd5 59. Re5 g6 60. Qb6 Kf8 61. Qxa6 Nxb4 62. Qb6 Qd8 63. h5 Qxb6 64. axb6 gxh5 65. Rxf5+ Ke8 66. b7 Na6 67. Rxh5 Kd8 68. g4 Kc7 69. g5 hxg5 70. fxg5 Kxb7 71. Bf7 Nc5 72. g6 Ne6 73. Bxe6 Rxe6 74. Rh6 Re4 75. Rh7+ Kb6 76. g7 Rg4+ 77. Kh3 1-0

[Event "SB-2013-0-00288"]
[Site "LSS email"]
[Date "2013.02.10"]
[Round "?"]
[White "Kaloev, Todor"]
[Black "Duchene, Klaus"]
[Result "1/2-1/2"]
[WhiteElo "1780"]
[BlackElo "1874"]
[PlyCount "126"]
[EventDate "2013.02.01"]
[EventType "tourn (corr)"]
[EventRounds "6"]
[EventCountry "GER"]
[SourceTitle "Telechess CBM 167"]
[Source "ChessBase"]
[SourceDate "2015.07.13"]
[SourceVersion "1"]
[SourceVersionDate "2015.07.13"]
[SourceQuality "1"]

1. e4 e5 2. Nf3 Nc6 3. Bc4 Bc5 4. c3 Nf6 5. d3 0-0 6. 0-0 d6 7. Nbd2 a6 8. Bb3 Ba7 9. h3 d5 10. exd5 Nxd5 11. Nc4 f6 12. a4 Kh8 13. a5 Be6 14. Qe2 Qd7 15. Re1 Bf7 16. Bc2 Rad8 17. Be3 Nxe3 18. Nxe3 Bg6 19. Red1 Bh5 20. Ra4 Bxe3 21. fxe3 Qe8 22. e4 Rd6 23. Qe3 Nd8 24. g4 Bf7 25. d4 Qb5 26. d5 Qxb2 27. Ne1 Qb5 28. c4 Qe8 29. Nd3 c6 30. Rb1 Bg6 31. Rab4 Rf7 32. Ba4 Qf8 33. c5 Rdd7 34. d6 Qe8 35. Nb2 Ne6 36. Bb3 Rf8 37. Bxe6 Qxe6 38. Na4 Rb8 39. Kg2 h6 40. R1b2 Bh7 41. Nb6 Rdd8 42. Rd2 Qe8 43. Kg3 Bg8 44. Qf3 Be6 45. Kh2 Qg6 46. Rb1 Qf7 47. Rdb2 Qg8 48. Na4 Ba2 49. Rg1 Bc4 50. h4 Rf8 51. Rbg2 Bb3 52. Nb2 Be6 53. Nd1 Rbd8 54. Ne3 Rd7 55. Nf5 Qf7 56. Ne7 Rxe7 57. dxe7 Qxe7 58. Rf1 Rf7 59. Qe3 Qd7 60. Rd2 Qe7 61. Kg3 Kh7 62. Rd6 Kg8 63. Rf2 Rf8 1/2-1/2

[Event "SB-2013-0-00288"]
[Site "LSS email"]
[Date "2013.02.10"]
[Round "?"]
[White "Trani, Francesco"]
[Black "Duchene, Klaus"]
[Result "1/2-1/2"]
[WhiteElo "1714"]
[BlackElo "1874"]
[PlyCount "62"]
[EventDate "2013.02.01"]
[EventType "tourn (corr)"]
[EventRounds "6"]
[EventCountry "GER"]
[SourceTitle "Telechess CBM 167"]
[Source "ChessBase"]
[SourceDate "2015.07.13"]
[SourceVersion "1"]
[SourceVersionDate "2015.07.13"]
[SourceQuality "1"]

1. e4 e5 2. Nf3 Nc6 3. Bb5 a6 4. Ba4 d6 5. Bxc6+ bxc6 6. d4 Bg4 7. dxe5 dxe5 8. 0-0 Qxd1 9. Rxd1 Bxf3 10. gxf3 h6 11. b3 Rd8 12. Rxd8+ Kxd8 13. Nd2 Bb4 14. Bb2 Bxd2 15. Rd1 Kc8 16. Rxd2 f6 17. Ba3 h5 18. Kf1 Nh6 19. Ke2 Nf7 20. Ke3 Rh6 21. f4 exf4+ 22. Kxf4 Rg6 23. f3 Rg1 24. Ke3 Ng5 25. f4 Nh3 26. f5 Ng5 27. Re2 Rg4 28. Kd3 Nf3 29. Re3 Ne5+ 30. Kc3 h4 31. Re2 Kb7 1/2-1/2